Practical portrait photography for home and studio /

Bibliographic Details
Main Author: Falk, Edwin A.
Other Authors: Abel, Charles, 1891-
Format: Book
Language:English
Published: Philadelphia : Chilton Books, [1967]
Edition:[2d ed.].
Subjects:

MARC

Tag First Indicator Second Indicator Subfields
LEADER 00000cam a2200000 4500
001 in00000093514
005 20150927070152.0
008 721124s1967 eng u
010 |a  67017794  
035 |a (OCoLC)00501345 
035 |9 AAL5361AM 
040 |c OUN  |d TXA  |d UtOrBLW 
049 |a TXAM  |c [701642] 
050 0 |a TR575  |b .F3 1967 
082 0 |a 778.9/2 
100 1 |a Falk, Edwin A. 
245 1 0 |a Practical portrait photography for home and studio /  |c by Edwin A. Falk, Sr., and Charles Abel. 
250 |a [2d ed.]. 
264 1 |a Philadelphia :  |b Chilton Books,  |c [1967] 
300 |a 223 pages :  |b illustrations, portraits ;  |c 28 cm. 
336 |a text  |b txt  |2 rdacontent 
337 |a unmediated  |b n  |2 rdamedia 
338 |a volume  |b nc  |2 rdacarrier 
650 0 |a Portrait photography. 
700 1 |a Abel, Charles,  |d 1891- 
999 |a MARS 
999 f f |s 0a5e2159-1f36-38e1-855a-5e152b3a4f78  |i 803cff9d-2eab-34ca-b45e-c984d9f05699  |t 0 
952 f f |p normal  |a Texas A&M University  |b College Station  |c Sterling C. Evans Library  |d Evans: Library Stacks  |t 0  |e TR575 .F3 1967  |h Library of Congress classification  |i unmediated -- volume  |m A14805627278 
998 f f |a TR575 .F3 1967  |t 0  |l Evans: Library Stacks